000 01274nam a2200325 c 4500
003 BLK
005 20250329093203.0
008 180408b bul|||||r ||||||| ||bul||
010 _aKNG00083764000
020 _a954-427-447-2
_bиздат.: Абагар
040 _aBLK
041 _aBUL
_cBUL
080 _aКапиталовложения. Образуване на капитала. Инвестиции
_b330.322
_x
_z330.322
100 1 _aПроданов, Стоян Станимиров
_eпърви автор
_9365702
139 _aПроданов, Стоян Станимиров
_bП 91
245 1 0 _aИнвестиционен анализ на публичните проекти
_cСтоян Станимиров Проданов.
257 _aBGR
260 В. Търново
_bАбагар
_c2001
300 _a213 с.
_bс табл., диагр., сх.
_c24 см
380 _a3
500 _aБиблиогр. с. 205-210.
650 4 _aИнвестиции
_9157148
653 _aинвестиции
852 _aЦб 239952
856 4 _qpdf
_u
856 4 _qpdf
_u
942 _cKNG
_n0
_01
944 _aCR
_c15.05.2008
_lМартин Енчев
_k30575
944 _aED
_c13.12.2016
_lф /
_kЛюдмила_Стоянова
999 _c79291
_d79291